| 000 | 00631nam a2200241Ia 4500 | ||
|---|---|---|---|
| 003 | OSt | ||
| 005 | 20221005120426.0 | ||
| 006 | a|||||r|||| 00| 0 | ||
| 007 | ta | ||
| 008 | 221004b |||||||| |||| 00| 0 eng d | ||
| 024 | _a67584 | ||
| 037 | _cTextual | ||
| 040 |
_aCRL _cCRL _beng |
||
| 041 |
_2eng _aeng |
||
| 082 | _aX9:8:B28, G1 | ||
| 100 | _aShewhart W A | ||
| 245 | 0 | _aEconomic control of quality of manufactured product | |
| 260 | _c1931 | ||
| 490 | _aBell telephone laboratories series.; 5 | ||
| 650 | _aECONOMICS | ||
| 942 |
_hX9:8:B28, G1 _cTEXL _2cc |
||
| 999 |
_c1037999 _d1037999 |
||